01367nam a2200253 a 450000100090000000800410000901000150005002000180006502000180008302000150010102000150011605000160013110000200014724500990016726000360026630000210030235000100032350000670033352006060040065000150100665000240102170000230104585600450106817761221161027s2014 ||||||||||||||||| || u a2013941887 a9781446207970 a9781446207963 a1446207978 a144620796X aHD 57.7 Sch aEdwards, Gareth10aStudying leadership: traditional and critical approachescDoris Schedlitzki and Gareth Edwards aLondonbSAGE Publicationsc2014 axxii, 340p: ill. a59.00 aIncludes bibliographical references (pages 301-333) and index. aWritten by leading academics, it is a truly comprehensive text, bringing together 15 different areas of Leadership and demonstrating how they are all connected. Each area is critically evaluated, firmly grounded in research and explored in enough depth to appeal to both undergraduate and postgraduate students. This text is structured around a timeline which guides students through the psychological and sociological influences that have led to opposing arguments in the field of Leadership studies to the most current thinking and debates and future perspectives, ensuring a holistic understanding. 0aLEADERSHIP aSTUDYING LEADERSHIP aSchedlitzki, Doris uhttp://www.sagepub.co.uk/studyleadership